Statistics for Naruto: Animals

Click here to take the quiz!

General Stats

  • This quiz has been taken 874 times
    (871 since last reset)
  • The average score is 7 of 23

Answer Stats

HintAnswer% Correct
AkamaruDog
99%
AodaSnake
71%
GamakichiToad
65%
KuramaKitsune
57%
GamakenToad
55%
PakkunDog
51%
MandaSnake
47%
EnmaMonkey
44%
Son GokuMonkey
44%
FukasakuToad
39%
KatsuyuSlug
37%
MatatabiBakeneko
34%
IsobuTurtle
24%
SaikenSlug
21%
ShukakuTanuki
10%
GarudaHawk
8%
NingameTurtle
7%
IbuseSalamander
6%
ChomeiKabutomushi
5%
KamatariWeasel
5%
PontaRaccoon
4%
KyodaigumoSpider
4%
GyukiUshi-Oni
2%

Score Distribution

Percentile by Number Answered

Percent of People with Each Score

Your Score History

You have not taken this quiz since the last reset